000 00301nam a22001097a 4500
040 _cNUST
082 _a809.2431,ATH
245 _aChashm e falak / چشم فلک (Urdu) /
_cMian Muhammad Jameel Athar
260 _aRawalpindi
_bHaraf Acadmy
_c2014
300 _a247 p.;
942 _2ddc
_cBK
_k809.2431,ATH
999 _c593516
_d593516